000
00237 a2200097 4500
001
46290
100
_a
Millar, T
245
_a
The Indian and pacific oceans
260
_a
London
_b
Institute for Strategic Studies
_c
090
_c
29403
_d
29403
942
_a
NUST-CAE
_c
_c
21562
999
_c
281363
_d
281363